000 00681nam a2200217 i 4500
001 100239
003 ES-MaACL
005 20250331063054.0
007 t|
008 050923s1975 sp ||||1| spa d
080 _a308(44)"18"
100 1 _aMarx, Karl,
_d1818-1883
_978590
245 1 4 _aLas luchas de clases en Francia :
_b(1848 a 1850) /
_cKarl Marx ; introducción de Federico Engels ; [traducción y notas, I.M.L.].
250 _a2ª ed.
260 _aMadrid :
_bAyuso,
_c1975.
300 _a236 p. ;
_c18 cm.
651 4 _aFrancia-
_xSituación social-
_yS.XIX.
_9169451
700 1 _aEngels, Friedrich.
_947225
852 4 _aES-MaACL
_jE-7922
999 _c100239
_d100239